Histoire economique de la Belgique: 1957-1968.

Saved in:
Bibliographic Details
Main Author: Baudhuin, Fernand, 1894-
Format: Book
Language:French
Published: Bruxelles, E. Bruylant, 1970.
Subjects:
LEADER 00801nam a22002171 4500
001 c000042871
003 CARM
005 00000000000000.0
008 761001s1970 be ef 00000 fre
019 1 |a 1098400  |5 LACONCORD2021 
035 |a (OCoLC)8990503  |5 LACONCORD2021 
040 |c IEN 
050 0 0 |a HC315  |b .B343 
100 1 |a Baudhuin, Fernand,  |d 1894- 
245 1 0 |a Histoire economique de la Belgique: 1957-1968. 
260 |a Bruxelles,  |b E. Bruylant,  |c 1970. 
300 |a 514 p.  |b fold. col. plan, plates.  |c 24 cm. 
651 0 |a Belgium  |x Economic conditions  |y 1945- 
852 8 |b CARM  |h A2:AF24E0  |i C01280  |p 0071470  |f BK 
999 f f |i 541a9476-7d3a-585b-83c8-13f0da69db06  |s d30b3f71-21a4-53c8-af04-9e0b16549571 
952 f f |p Can circulate  |a CAVAL  |b CAVAL  |c CAVAL  |d CARM 1 Store  |e C01280  |f A2:AF24E0  |h Other scheme  |i book  |m 0071470